Central Library OPAC University of Rajshahi

Distributions in statistics : (Record no. 7827)

MARC details
000 -LEADER
fixed length control field 01171nam a2200313 a 4500
001 - CONTROL NUMBER
control field 7827
003 - CONTROL NUMBER IDENTIFIER
rucl marc code BD-RjUL
005 - DATE AND TIME OF LATEST TRANSACTION
control field 20211208234501.0
008 - FIXED-LENGTH DATA ELEMENTS--GENERAL INFORMATION
fixed length control field 160831s1972 nyu b 00110 eng
020 ## - INTERNATIONAL STANDARD BOOK NUMBER
International Standard Book Number 0471443700
035 ## - SYSTEM CONTROL NUMBER
System control number (BD-RjUL)7871
040 ## - CATALOGING SOURCE
Original cataloging agency BD-RjUL
Transcribing agency DLC
Modifying agency BD-RjUL
Language of cataloging eng
041 ## - LANGUAGE CODE
Language code of text/sound track or separate title eng
082 ## - DEWEY DECIMAL CLASSIFICATION NUMBER
Classification number 519.5
Author mark and year JOD 1972
Edition number 23
100 1# - MAIN ENTRY--PERSONAL NAME
Personal name Johnson, Norman L.
Fuller form of name (Norman Lloyd)
9 (RLIN) 24413
245 10 - TITLE STATEMENT
Title Distributions in statistics :
Remainder of title continuous multivariate distributions /
Statement of responsibility, etc. [by] Norman L. Johnson [and] Samuel Kotz.
260 ## - PUBLICATION, DISTRIBUTION, ETC. (IMPRINT)
Place of publication, distribution, etc. New York :
Name of publisher, distributor, etc. John Wiley & Sons,
Date of publication, distribution, etc. c1972.
300 ## - PHYSICAL DESCRIPTION
Pagination xiv, 333 p. :
Size 23 cm.
490 0# - SERIES STATEMENT
Series statement A Wiley publication in applied statistics
Series statement Wiley series in probability and mathematical statistics
500 ## - GENERAL NOTE
General note Issued as final volume of the author's Distributions in statistics.
504 ## - BIBLIOGRAPHY, ETC. NOTE
Bibliography, etc Includes bibliographies and index.
650 #0 - SUBJECT ADDED ENTRY--TOPICAL TERM
Topical term or geographic name as entry element Distribution (Probability theory)
9 (RLIN) 20785
Topical term or geographic name as entry element Multivariate analysis.
9 (RLIN) 24414
700 10 - ADDED ENTRY--PERSONAL NAME
Personal name Kotz, Samuel,
Relator term joint author.
830 ## - SERIES ADDED ENTRY--UNIFORM TITLE
Uniform title A Wiley publication in applied statistics
942 ## - ADDED ENTRY ELEMENTS (KOHA)
Source of classification or shelving scheme Dewey Decimal Classification
Koha item type Books
Holdings
Lost status Source of classification or shelving scheme Damaged status Not for loan Collection code Permanent Location Current Location Shelving location Date acquired Source of acquisition Cost, normal purchase price Total Checkouts Full call number Date last seen Copy number Koha item type
  Dewey Decimal Classification     Non-fiction Central Library, University of Rajshahi Central Library, University of Rajshahi   29/05/1974 National Book agency 179.50   519.5 JOD 1972 16/01/2014 C-2 Books
  Dewey Decimal Classification     Non-fiction Central Library, University of Rajshahi Central Library, University of Rajshahi   04/09/1984 Tappw & co. 43.95   519.5 JOD 1972 31/08/2016 C-3 Books
  Dewey Decimal Classification     Non-fiction Central Library, University of Rajshahi Central Library, University of Rajshahi   04/09/1984 Tappw & co. 43.95   519.5 JOD 1972 31/08/2016 C-4 Books
  Dewey Decimal Classification   Not For Loan Non-fiction Central Library, University of Rajshahi Central Library, University of Rajshahi Reading Room 29/05/1974 National book house 179.00   519.5 JOD 1972 12/04/2017 C-1 Books